| 000 | 01171cam a2200253 4500 | ||
|---|---|---|---|
| 001 | WB4004-08 | ||
| 008 | 040127n2004 000 0 eng u | ||
| 035 | _a(Sirsi) u124917 | ||
| 245 | _aForfeiture law set for reform | ||
| 254 | _aForfeiture law set for reform | ||
| 260 | _c2004 | ||
| 490 |
_aInside Housing _v21(3) 23 January 2004,6(1) |
||
| 520 | _aThe Law Commission has published a consultation paper "Termination of tenancies for tenant default" setting out proposals to replace the current law of forfeiture of residential tenancies with a statutory scheme. The proposals apply to tenancies of 21 years or more and include the recommendation that if the tenant defaults on the terms of a tenancy, the tenancy can only be ended by a 'termination order' in the courts. An executive summary and full paper are available at http://www.lawcom.gov.uk/190.htm#cp174. | ||
| 590 | _aWB | ||
| 590 | _aWB | ||
| 650 | _aFORFEITURE | ||
| 650 | _aRESIDENTIAL LEASES | ||
| 650 | _aTENANCIES | ||
| 650 | _aPRE-ACTION NOTICES | ||
| 650 | _aTENANT DEFAULT | ||
| 650 | _aTENANCY TERMINATION | ||
| 690 | _aLANDLORD AND TENANT-RESIDENTIAL TENANCIES | ||
| 942 | _n0 | ||
| 999 |
_c116963 _d116963 |
||